000 00561nam a2200181Ia 4500
005 20250423094355.0
008 250422s9999 xx 000 0 und d
020 _a090413007 X
050 _aDT 515.77 .K36/
100 _aFeinstein, Alan
245 0 _aAfrican revolutionary : the life and times of Nigeria’s Aminu Kano
260 _aEngland
260 _bDavison Publication Limited
260 _c1973
300 _a299 p
650 _a Kano, Aminu, 1920- Politicians--Nigeria--Biography. Nigeria--Politics and government.
942 _cBK
999 _c27047
_d27047